Normal view
MARC view
Entry Meeting Name
001 - CONTROL NUMBER
- control field: 16724
003 - CONTROL NUMBER IDENTIFIER
- control field: OSt
005 - DATE AND TIME OF LATEST TRANSACTION
- control field: 20211105134055.0
008 - FIXED-LENGTH DATA ELEMENTS
- fixed length control field: 211105|| aca||aabn | a|a d
040 ## - CATALOGING SOURCE
- Original cataloging agency: OSt
- Transcribing agency: OSt
111 ## - HEADING--MEETING NAME
- Meeting name or jurisdiction name as entry element: Workshop on Physical Processes in Fragmentation and Star Formation
- Location of meeting: Monteporzio Catone, Rome
- Date of meeting or treaty signing: 1989 June 5-11
670 ## - SOURCE DATA FOUND
- Source citation: Work cat.: (OSt): Workshop on Physical Processes in Fragmentation and Star Formation Monteporzio Catone, Rome 1989 June 5-11, Physical processes in fragmentation and star formation, 1990